2nd Histoire-Géographie - Statistiques

Statistiques générales
  • Ce quiz a été pris 20 fois
  • Le résultat moyen est 7 sur 10
Statistiques - réponses
Question Réponse % Correct
Où se situe le Bangladesh ? En Asie
100%
Qu'est-ce qu'un aléa? Un évènement imprévisible
100%
Qui est Christophe Colomb ? Un explorateur génois
100%
Qu'est-ce qu'un vassal ? Un individu lié à un seigneur plus puissant
85%
Que se passe-t-il en 476 ? Fin de l'Empire romain d'Occident, le dernier empereur est déposé
65%
Qu'est-ce que la Controverse de Valladolid ? Une discussion philosophique entre Sepulveda et Las Casas au sujet des Amérindiens
65%
Qu'est-ce que les dhimmis ? Chrétiens ou juifs sous domination musulmane qui sont protégés et doivent un impôt
55%
Qu'est-ce qu'un risque, en géographie ? Possibilité qu'un aléa se produise et touche une population vulnérable
55%
Qu'est-ce que la Casa de Contratacion ? Un établissement économique à Séville
55%
Quand a-t-elle lieu ? 1550-1551
50%
Aucun quiz correspondant
Distribution des résultats
% des personnes avec chaque résultat
Percentile par nombre de réponses
Votre historique - résultats
Vous n’avez pas pris ce quiz